Οι περιπέτειες του Τσίτσικωφ ή οι πεθαμένες ψυχές

Αποθηκεύτηκε σε:
Λεπτομέρειες βιβλιογραφικής εγγραφής
Κύριος συγγραφέας: Gogol, Nikolai Vasilevich 1809-1852
Άλλοι συγγραφείς: Σκιαδαρέσης, Σπύρος (Μεταφραστής)
Μορφή: Βιβλίο
Γλώσσα:Greek
Russian
Δημοσίευση: Αθήναι : Παπαδημητρίου, [1954]
Σειρά:100 Αθάνατα Έργα ; ; 49
Θέματα:
Ετικέτες: Προσθήκη ετικέτας
Δεν υπάρχουν, Καταχωρήστε ετικέτα πρώτοι!

MARC

LEADER 00000cam a2200000 i 4500
001 1/95921
008 081022s1954 gre d
035 |l 10101095 
040 |a GR-MY-UA  |b gre  |e aacr 
041 1 |a gre  |h rus 
082 0 |a 891.733  |2 (22) 
100 1 |a Gogol, Nikolai Vasilevich  |d 1809-1852. 
245 1 3 |a Οι περιπέτειες του Τσίτσικωφ ή οι πεθαμένες ψυχές /  |c Νικολά Γκόγκολ ; μετάφραση: Σπύρου Σκιαδαρέση 
260 |a Αθήναι :   |b Παπαδημητρίου,   |c [1954] 
300 |a 261 σ.;  |c 21 εκ. 
490 1 |a 100 αθάνατα έργα  |v ; 49 
650 0 0 |a Russian fiction  |x Translations into Greek. 
650 0 0 |a Russian fiction  |y 19th century. 
650 0 0 |a Russian literature  |z 19th century. 
700 1 |a Σκιαδαρέσης, Σπύρος.  |4 trl 
830 0 |a 100 Αθάνατα Έργα ;  |v ; 49 
852 |a INST  |b RHODES  |c AKA  |e 20081022  |h  891.733 GOG  |p 005400030961  |q 005400030961  |t BK  |y 0 
901 |a BIBL4-2008-3 
909 |a Ρ  |b 153446 
970 |a ΧΑΡΙΟΠΟΛΙΤΟΥ  |b ΚΩΝΣΤΑΝΤΙΝΑ  |z 2008/10/22